Formula 1 Campeones del mundo - Statistiques

Statistiques générales
  • Ce quiz a été pris 371 fois
  • Le résultat moyen est 51 sur 72
Statistiques - réponses
Hint Réponse % Correct
2020 Lewis Hamilton
100%
2019 Lewis Hamilton
100%
2018 Lewis Hamilton
100%
2017 Lewis Hamilton
100%
2015 Lewis Hamilton
100%
2014 Lewis Hamilton
100%
2008 Lewis Hamilton
100%
2021 Max Verstappen
99%
2006 Fernando Alonso
96%
2005 Fernando Alonso
96%
2013 Sebastian Vettel
96%
2012 Sebastian Vettel
96%
2011 Sebastian Vettel
96%
2010 Sebastian Vettel
96%
2004 Michael Schumacher
94%
2003 Michael Schumacher
94%
2002 Michael Schumacher
94%
2001 Michael Schumacher
94%
2000 Michael Schumacher
94%
1995 Michael Schumacher
94%
1994 Michael Schumacher
94%
1991 Ayrton Senna
91%
1990 Ayrton Senna
91%
1988 Ayrton Senna
91%
2016 Nico Rosberg
91%
1993 Alain Prost
90%
1989 Alain Prost
90%
1986 Alain Prost
90%
1985 Alain Prost
90%
1982 Keke Rosberg
88%
2007 Kimi Raikkonen
81%
2009 Jenson Button
80%
1984 Niki Lauda
77%
1977 Niki Lauda
77%
1975 Niki Lauda
77%
1957 Juan Manuel Fangio
73%
1956 Juan Manuel Fangio
73%
1955 Juan Manuel Fangio
73%
1954 Juan Manuel Fangio
73%
1951 Juan Manuel Fangio
73%
1997 Jacques Villeneuve
72%
1999 Mika Hakkinen
72%
1998 Mika Hakkinen
72%
1996 Damon Hill
63%
1961 Phil Hill
62%
1968 Graham Hill
61%
1962 Graham Hill
61%
1987 Nelson Piquet
59%
1983 Nelson Piquet
59%
1981 Nelson Piquet
59%
1953 Alberto Ascari
57%
1952 Alberto Ascari
57%
1976 James Hunt
56%
1992 Nigel Mansell
55%
1950 Nino Farina
53%
1973 Jackie Stewart
49%
1971 Jackie Stewart
49%
1969 Jackie Stewart
49%
1974 Emerson Fittipaldi
47%
1972 Emerson Fittipaldi
47%
1966 Jack Brabham
38%
1960 Jack Brabham
38%
1959 Jack Brabham
38%
1978 Mario Andretti
36%
1965 Jim Clark
34%
1963 Jim Clark
34%
1980 Alan Jones
32%
1979 Jody Scheckter
30%
1964 John Surtees
27%
1967 Denny Hulme
26%
1958 Mike Hawthorn
26%
1970 Jochen Rindt
25%
Aucun quiz correspondant
Distribution des résultats
% des personnes avec chaque résultat
Percentile par nombre de réponses
Votre historique - résultats
Vous n’avez pas pris ce quiz